|
|
|
|
| LEADER |
01208nam a2200289Ia 4500 |
| 001 |
TVU_32074 |
| 008 |
210423s9999 xx 000 0 und d |
| 041 |
|
|
|a Vie
|
| 082 |
|
|
|a 658.8343
|
| 082 |
|
|
|b Y603
|
| 100 |
|
|
|a Nguyễn, Thị Kim Yến
|
| 245 |
|
0 |
|a Các yếu tố ảnh hưởng đến sự hài lòng về chất lượng dịch vụ khám chữa bệnh bằng bảo hiểm y tế tại các cơ sở y tế trên địa bàn thành phố Trà Vinh
|
| 245 |
|
0 |
|b Luận văn thạc sĩ. Chuyên ngành: Quản trị Kinh doanh. Mã ngành: 8340101
|
| 245 |
|
0 |
|c Nguyễn Thị Kim Yến ; Trương Đông Lộc (hướng dẫn khoa học)
|
| 260 |
|
|
|a Trà Vinh
|
| 260 |
|
|
|b Trường Đại học Trà Vinh
|
| 260 |
|
|
|c 2019
|
| 300 |
|
|
|a ix, 85, 50 tr.
|
| 300 |
|
|
|b minh họa
|
| 300 |
|
|
|c 30 cm
|
| 504 |
|
|
|a Thư mục: tr. 82-85
|
| 650 |
|
|
|a Quan hệ khách hàng; Dịch vụ khách hàng; Thỏa mãn khách hàng
|
| 700 |
|
|
|a Nguyễn Thị Kim Yến; Trương Đông Lộc
|
| 700 |
|
|
|e hướng dẫn khoa học
|
| 710 |
|
|
|a Ủy ban Nhân dân tỉnh Trà Vinh
|
| 710 |
|
|
|b Trường Đại học Trà Vinh
|
| 980 |
|
|
|a Trung tâm Học liệu Trường Đại học Trà Vinh
|